Mensajes de los presidentes del Peru /

Bibliographic Details
Corporate Author: Peru. President
Other Authors: Ugarteche, Pedro, 1902-, San Cristóval, Evaristo, 1894-
Format: Book
Language:Spanish
Published: Lima : Libreria e imprenta Gil, 1943-
Subjects:

MARC

Tag First Indicator Second Indicator Subfields
LEADER 00000cam a2200000 4500
001 in00000039067
005 20151007081500.0
008 770323m19439999xx 00000 spa
010 |a  44034291  
035 |a (OCoLC)02827838 
035 |9 AAF6450AM 
040 |a DLC  |c TJC  |d TXA  |d UtOrBLW 
049 |a TXAM  |v 1 [459522]  |v 2 [459523] 
050 0 0 |a J241  |b .N155 
090 |a J241  |b .N155 1943 
092 |a 320.985  |b P471m 
110 1 |a Peru.  |b President. 
245 1 0 |a Mensajes de los presidentes del Peru /  |c recopilacion y notas por Pedro Ugarteche y Evaristo San Cristoval. 
264 1 |a Lima :  |b Libreria e imprenta Gil,  |c 1943- 
300 |a volumes :  |b portraits ;  |c 26 cm. 
336 |a text  |b txt  |2 rdacontent 
337 |a unmediated  |b n  |2 rdamedia 
338 |a volume  |b nc  |2 rdacarrier 
505 0 |a v.1. 1821-1867 -- v. 2. 1869-1899. 
651 0 |a Peru  |x Politics and government. 
700 1 |a Ugarteche, Pedro,  |d 1902- 
700 1 |a San Cristóval, Evaristo,  |d 1894- 
999 |a MARS 
999 f f |s e1ee40f0-4d07-3ee0-88ef-d743a6998d3c  |i c1a4c5fe-2ee1-3b5d-be80-100f71e326bb  |t 0 
952 f f |p ric  |a Texas A&M University  |b Rellis Campus  |c Joint Library Facility  |d Remote Storage  |t 0  |e J241 .N155 1943  |h Library of Congress classification  |i unmediated -- volume  |k v.1  |m A14800661285 
952 f f |p ric  |a Texas A&M University  |b Rellis Campus  |c Joint Library Facility  |d Remote Storage  |t 0  |e J241 .N155 1943  |h Library of Congress classification  |i unmediated -- volume  |k v.2  |m A14800661293 
998 f f |a J241 .N155 1943  |s v.1-2  |t 0  |l Remote Storage